Catalog

Record Details

Catalog Search



Antisemitismusforschung in den Wissenschaften  Cover Image Book Book

Antisemitismusforschung in den Wissenschaften / herausgegeben von Werner Bergmann und Mona Kumlorte

Bergmann, Werner, 1950- (Compiler). Körte, Mona (Compiler).

Record details

  • ISBN: 3936411484
  • Physical Description: 404 p. : ill. ; 22 cm
  • Publisher: Berlin : Metropol, c2004

Content descriptions

Bibliography, etc. Note:
Includes bibliographical references.

Available copies

  • 1 of 1 copy available at Common Catalog SPOK.

Holds

  • 0 current holds with 1 total copy.
Show Only Available Copies
Location Call Number / Copy Notes Barcode Shelving Location Status Due Date
Terezin Initiative Institute 4545 4594304545 Knihovna ITI Available -

Electronic resources

Related Resource: http://www.h-net.org/reviews/showrev.php?id=19358

  • Book review (H-Net)


LDR 01131cam a22002894a 4500
00149979
003CZ-PrJAB
00520220915105705.0
008041126s2004 gw a b 100 0 ger
020 . ‡a3936411484
035 . ‡a(GyWOH)har040085534
040 . ‡aDLC ‡cDLC ‡dDLC
24500. ‡aAntisemitismusforschung in den Wissenschaften / ‡cherausgegeben von Werner Bergmann und Mona Kumlorte
260 . ‡aBerlin : ‡bMetropol, ‡cc2004
300 . ‡a404 p. : ‡bill. ; ‡c22 cm
504 . ‡aIncludes bibliographical references.
7001 . ‡aBergmann, Werner, ‡d1950- ‡4com
7001 . ‡aKörte, Mona ‡4com
85642. ‡3Book review (H-Net) ‡uhttp://www.h-net.org/reviews/showrev.php?id=19358
910 . ‡aABE340 ‡b4545
995 . ‡aska
901 . ‡a49979 ‡bAUTOGEN ‡c49979 ‡tbiblio

Additional Resources